000
00251nam a2200109Ia 4500
008
240625s9999 xx 000 0 und d
041
_a
eng
082
_a
005.7565 GRO
100
_a
GROH MICHAEL
245
_a
MICROSOFT ACCESS 2007 BIBLE
260
_c
2009
999
_c
34638
_d
34638